| 000 | 04276nab a2200265 i 4500 | ||
|---|---|---|---|
| 003 | BR-BrBNA | ||
| 005 | 20240604152407.0 | ||
| 008 | 240604b2023 bl.ar|pooa||| 00| 0 eng | | ||
| 040 |
_aBR-BrBNA _beng |
||
| 072 | _aH60 | ||
| 100 | _aCorreia, Núbia Maria | ||
| 245 | _aChemical and cultural management strategies for glyphosate-resistant sourgrass in central Brazil | ||
| 500 | _aPublicação on-line; 27 ref.; 5 tables; Summaries (En, Pt) | ||
| 520 | _a Abstract ‒ The objective of this work was to evaluate different chemical treatments, associating herbicide combinations with the maintenance of forage species in the off-season, for the management of glyphosate-resistant sourgrass (Digitaria insularis) in a soybean crop. The experimental design was a randomized complete block in a 4×5 split-plot arrangement, with four replicates. The treatments consisted of: four combinations of the clethodim, glyphosate, haloxyfop-p-methyl, glufosinate ammonium, and s-metolachlor herbicides in the plots; green covers with the Massai, BRS Tamani, and BRS Zuri cultivars of Panicum maximum and with Urochloa ruziziensis, as well as fallow, in the subplots; and a control with the isolated application of glyphosate at the desiccation and post-emergence of the soybean crop infested with sourgrass and weeded. The herbicides tested before sowing and at post-emergence of soybean promoted a control above 90% of adult sourgrass plants until grain harvest. After harvest, there was a new emergence of sourgrass, mainly in the plots without green cover in the off-season. Overseeding soybean with forage species allowed of the establishment of these plants, which consequently interfered in sourgrass emergence and growth. The chemical treatments with herbicide combinations associated with the maintenance of forage species in the off-season are effective for the control of adult glyphosate-resistant sourgrass plants. Index terms: Digitaria insularis, Panicum maximum, Urochloa ruziziensis, chemical control, overseeding. | ||
| 520 | _a Resumo ‒ O objetivo deste trabalho foi avaliar diferentes tratamentos químicos, com a associação de combinações de herbicidas à manutenção de espécies forrageiras no período de entressafra, para o manejo de capim‑amargoso (Digitaria insularis) resistente ao glifosato em cultura de soja. O delineamento experimental foi de blocos ao acaso, em arranjo de parcela subdividida 4×5, com quatro repetições. Os tratamentos consistiram de: quatro combinações dos herbicidas cletodim, glifosato, haloxifop-p-metil, glufosinato de amônio e s-metolacloro nas parcelas; de coberturas verdes com as cultivares de Panicum maximum Massai, BRS Tamani e BRS Zuri e com Urochloa ruziziensis, além de pousio, nas subparcelas; e controle com a aplicação isolada de glifosato na dessecação e na pós-emergência da cultura de soja infestada com capim-amargoso e capinada. Os herbicidas testados antes da semeadura e na pós-emergência da soja promoveram um controle acima de 90% de plantas adultas de capim-amargoso até a colheita dos grãos. Após a colheita, houve nova emergência de capim-amargoso, principalmente nas parcelas sem cobertura verde na entressafra. A sobressemeadura da soja com espécies forrageiras permitiu o estabelecimento dessas plantas, que, consequentemente, interferiram na emergência e no crescimento do capim-amargoso. Os tratamentos químicos com combinações de herbicidas associados à manutenção de espécies forrageiras no período da entressafra são eficazes para o controle de plantas adultas de capim-amargoso resistente ao glifosato. Termos para indexação: Digitaria insularis, Panicum maximum, Urochloa ruziziensis, controle químico, sobressemeadura. | ||
| 650 | _aPLANTA FORRAGEIRA | ||
| 650 | _aERVA DANINHA | ||
| 650 | _aCAPIM-GORDO | ||
| 650 | _aCONTROLE QUÍMICO | ||
| 650 | _aHERBICIDA | ||
| 773 | 0 |
_0920 _925804 _dBrasília-DF Empresa Brasileira de Pesquisa Agropecuária - EMBRAPA 1966- _o2023-436359 _tPesquisa Agropecuária Brasileira (Brazil) _x0100-204X _gv. 58 p. 1-10; (2023) _wBR2024001097 |
|
| 856 | _uhttps://www.scielo.br/j/pab/a/RPHgBH7xbhyyFw496xNS9rP/?format=pdf&lang=en | ||
| 942 | _cAnalítica | ||
| 999 |
_c299898 _d299898 |
||